Anorexia nervosa : (Record no. 3932)

000 -LEADER
fixed length control field 00797pam a2200241 a 4500
003 - CONTROL NUMBER IDENTIFIER
control field OSt
005 - DATE AND TIME OF LATEST TRANSACTION
control field 20220222064613.0
008 - FIXED-LENGTH DATA ELEMENTS--GENERAL INFORMATION
fixed length control field 820219s1982 nyu b 001 0 eng
020 ## - INTERNATIONAL STANDARD BOOK NUMBER
International Standard Book Number 0876302975
040 ## - CATALOGING SOURCE
Transcribing agency ALUPE UNIVERSITY COLLEGE
050 00 - LIBRARY OF CONGRESS CALL NUMBER
Classification number RC552
Item number .A5G4 1982
060 ## - NATIONAL LIBRARY OF MEDICINE CALL NUMBER
Classification number WM 175 G231a
100 1# - MAIN ENTRY--PERSONAL NAME
Personal name Garfinkel, Paul E.,
Dates associated with a name 1946-
245 10 - TITLE STATEMENT
Title Anorexia nervosa :
Remainder of title a multidimensional perspective /
Statement of responsibility, etc. Paul E. Garfinkel and David M. Garner.
260 ## - PUBLICATION, DISTRIBUTION, ETC.
Place of publication, distribution, etc. New York :
Name of publisher, distributor, etc. Brunner/Mazel ;
Place of publication, distribution, etc. Montreal :
Name of publisher, distributor, etc. Book Center,
Date of publication, distribution, etc. c1982.
300 ## - PHYSICAL DESCRIPTION
Extent xii, 379 p. ;
Dimensions 24 cm.
504 ## - BIBLIOGRAPHY, ETC. NOTE
Bibliography, etc. note Includes bibliographies and indexes.
650 #0 - SUBJECT ADDED ENTRY--TOPICAL TERM
Topical term or geographic name entry element Anorexia nervosa.
650 #2 - SUBJECT ADDED ENTRY--TOPICAL TERM
Topical term or geographic name entry element Anorexia nervosa.
700 1# - ADDED ENTRY--PERSONAL NAME
Personal name Garner, David M.,
Dates associated with a name 1947-
906 ## - LOCAL DATA ELEMENT F, LDF (RLIN)
a 7
b cbc
c orignew
d 1
e ocip
f 19
g y-gencatlg
942 ## - ADDED ENTRY ELEMENTS (KOHA)
Source of classification or shelving scheme
Koha item type Book
Suppress in OPAC PW
Holdings
Withdrawn status Lost status Source of classification or shelving scheme Damaged status Not for loan Permanent Location Current Location Shelving location Date acquired Source of acquisition Total Checkouts Full call number Barcode Date last seen Price effective from Koha item type Public note Copy number
          AU LIBRARY AU LIBRARY Open Shelf 21.04.2022 DONATION FROM MOI UNIVERSITY   RC552 .A5G4 1982 28005717 22.02.2022 22.02.2022 Book MM  
          AU LIBRARY AU LIBRARY Open Shelf 29.03.2022 DONATION FROM MOI UNIVERSITY   RC552 .A5G4 1982 C2 28011688 29.03.2022 29.03.2022 Book MM 2

Powered by Koha